Video Games by Year: 2021 - Statistics

General Stats
  • This quiz has been taken 145 times
  • The average score is 5 of 16
Answer Stats
Picture Answer % Correct
Ratchet & Clank: Rift Apart
82%
Far Cry 6
78%
Resident Evil Village
75%
Marvel's Guardians of the Galaxy
68%
Psychonauts 2
38%
Twelve Minutes
26%
Diablo II: Resurrected
24%
Returnal
22%
The Dark Pictures Anthology: House of Ashes
19%
Monster Hunter Rise
18%
Age of Empires IV
11%
Lost Judgment
9%
Disgaea 6: Defiance of Destiny
6%
Everhood
5%
Black Book
1%
Pathfinder: Wrath of the Righteous
1%
No matching quizzes found
Score Distribution
Percent of People with Each Score
Percentile by Number Answered
Your Score History
You have not taken this quiz